000 01697ngm a22003970a 4500
001 PT47773
003 AR-LpoUNG
005 20210202000030.0
007 vd cvaizq
008 191001s2010||||ag |||||||||||||||||spa d
037 _c$2,50
040 _aAR-LpoUNG
_bspa
_cAR-LpoUNG
_eaacr
041 _aspa
044 _aag
082 0 _a792.028 192gen
100 1 _aTarruela, Eloísa
_edir.
245 1 0 _aGené en escena :
_bun documental sobre Juan Carlos Gené
260 _aBuenos Aires :
_bMiradas al sur,
_c2010.
300 _aDVD (50 min.) : son., col.
505 0 _aGuión: Eloísa Tarruella. Director de producción: Marcelo Albarracín. Investigación: Marcelo Albarracín, Sebastián Vila y Eloísa Tarruella. Directora de fotografía y cámara principal: Patricia Batlle. Música Original: Marcelo Albarracín.
520 _aEl documental se centra en la labor pedagógica del autor, actor y director teatral argentino Juan Carlos Gené, su lugar como maestro y el abordaje personal de las clases de teatro.Sus inicios en el arte dramático, su vida en el exilio y el regreso a Buenos Aires, se entrelazan con su actual labor como maestro desde la visión de sus alumnos directores y actores, su mujer Verónica Oddó (conocidos en el exilio en Venezuela), sus obras teatrales y su particular mirada sobre el teatro y la vida.
650 4 _aARGENTINA
650 4 _aCULTURA
650 4 _aCULTURA POPULAR
650 4 _aDICTADURA
650 4 _aEXILIO
650 4 _aTEATRO
651 4 _aArgentina
653 _aCINE ARGENTINO
653 _aDOCUMENTALES
653 _aDVD
653 _aGENE, JUAN CARLOS
653 _aVIDEOS
905 _a47773
942 _cDVD
999 _c53987
_d53987